| 000 | 00741cab a2200217 4500 | ||
|---|---|---|---|
| 001 | ABS42081 | ||
| 008 | 090401t1990 xxu||||| |||| 00| 0 eng d | ||
| 035 | _a(Sirsi) u34605 | ||
| 041 | _aeng | ||
| 100 | _aPrescott, G. | ||
| 245 | _aEducational enterprises and the valleys environment | ||
| 260 | _c1990 | ||
| 350 | _a0 | ||
| 490 |
_aPlanning (for the Natural and Built Environment) _v(850) 5 January 1990, 6-7(2) |
||
| 520 | _aThe Polytechnic of Wales Treforest Environmental Improvement Study is discussed in relation to the Enterprise in Higher Education initiative and the Government`s 1988 Valleys Initiative . | ||
| 650 | _aWALES | ||
| 690 | _aURBAN RENEWAL | ||
| 700 | _aLeverton, P. | ||
| 942 | _n0 | ||
| 948 | _c04/03/1997 | ||
| 999 |
_c22893 _d22893 |
||